| 000 | 00803nam a2200241Ia 4500 | ||
|---|---|---|---|
| 003 | OSt | ||
| 005 | 20220927105532.0 | ||
| 006 | a|||||r|||| 00| 0 | ||
| 007 | ta | ||
| 008 | 220926b |||||||| |||| 00| 0 eng d | ||
| 024 | _a173111 | ||
| 037 | _cReference Collections | ||
| 040 |
_aRTL _cRTL _beng |
||
| 041 |
_2eng _aeng |
||
| 082 | _a"X71oa J.235.N86<-N85, M6" | ||
| 110 |
_a"MAHARASHTRA, (GOVT. OF-)." _9373028 |
||
| 245 | 0 |
_aAdditional civil budget estimates for the year 1985-86 _b Agriculture and co-operation department. |
|
| 260 |
_aBombay _bGovt. of Maharashtra. India _c1985 |
||
| 300 |
_aD-103p. _ccm. |
||
| 700 |
_a"MAHARASHTRA, (GOVT. OF-)." _9373029 |
||
| 942 |
_h"X71oa J.235.N86<-N85, M6" _cCC |
||
| 999 |
_c692899 _d692899 |
||